Premier League Stadiums - Statistics

General Stats
  • This quiz has been taken 91 times
  • The average score is 17 of 20
Answer Stats
Hint Answer % Correct
Liverpool Anfield
97%
Chelsea Stamford Bridge
95%
Manchester City City of Manchester Stadium
94%
Arsenal Emirates Stadium
94%
Manchester United Old Trafford
94%
Newcastle United St James' Park
92%
Aston Villa Villa Park
92%
Tottenham Hotspur Tottenham Hotspur Stadium
89%
Fulham Craven Cottage
88%
West Ham United London Stadium
86%
Brentford Brentford Community Stadium
84%
Sunderland Stadium of Light
83%
Leeds United Elland Road
78%
Wolves Molineux Stadium
75%
Burnley Turf Moor
75%
Everton Hill Dickinson Stadium
73%
Crystal Palace Selhurst Park
73%
Nottingham Forest City Ground
72%
Bournemouth
Dean Court
61%
Birghton & Hove Albion
Falmer Stadium
59%
No matching quizzes found
Score Distribution
Percent of People with Each Score
Percentile by Number Answered
Your Score History
You have not taken this quiz